000 00741nam a22002297a 4500
999 _c22539
_d22539
003 AR-CdUCM
008 190423b ||||| |||| 00| 0 spa d
020 _a9786124395093
040 _aMUNICIPALIDAD PROVINCIAL DEL CUSCO
_cBIBLIOTECA MUNICIPAL DEL CUSCO
041 _hspa
082 _aES/869.57/U732A
_bU732A
100 _aUrbina, Becky
_948454
245 _aAlgo azul /
_cBecky Urbina ; ilustrado por Andrea Gago
260 _aLima :
_bFondo de Cultura Económica,
_c2020.
300 _a91 páginas :
_bilustraciones,
_c19 cm.
650 _aCuentos infantiles peruanos
_93914
650 _aCuentos peruanos
_948455
650 _aSiglo XXI
_948456
700 _aGago, Andrea
_eilustrador
_948426
942 _2ddc
_cLIBROS
945 _arac